000 00845nam a22002417a 4500
003 OSt
005 20170704162913.0
008 170704e201705 spc||||| |||||0|| 0 spa|d
017 _aDL B 6964-2017
_bBiblioteca de Catalunya
020 _a9788499426051
040 _aES-BaUAB
_bcat
_cCDMR
100 1 _aArgemí Ballbé, Marc
_93900
_d1979-
245 1 3 _aEl Sentido del rumor
_b: cuando las redes sociales ganan a las encuestas /
_cMarc Argemí
250 _aPrimera edición
260 _aBarcelona :
_bEdiciones Península,
_c2017
300 _a232 pàgines ;
_c23 cm
500 _aBibliografia: pàgines 227-232
650 7 _aRumor
_xAspectes socials
_2lemac
650 7 _aDesinformació
_2lemac
_94286
650 0 7 _aXarxes socials en línia
_2lemac
_93128
650 0 7 _aMitjans de comunicació de massa
_2lemac
_93243
_xManipulació
942 _cMON
999 _c7045
_d7045